| 000 | 00472nam a22001817a 4500 | ||
|---|---|---|---|
| 005 | 20230922121539.0 | ||
| 008 | 230912b |||||||| |||| 00| 0 eng d | ||
| 020 | _a9781119341208 | ||
| 082 |
_a658.8 _bKOL-M |
||
| 100 | _aKolter;Philip | ||
| 245 |
_aMarketing 4.0 : _bMoving from Traditional to Digital. |
||
| 260 |
_aUSA _bWiley & Sons _c2017 |
||
| 300 | _a184 | ||
| 500 | _aInclude Index | ||
| 650 | _aManagement/Marketing | ||
| 700 | _aPhilip Kolter | ||
| 999 |
_c33518 _d33518 |
||